[Event "VIE-ch U09 Girls"]
[Site "Ho Chi Minh City"]
[Date "2014.07.17"]
[Round "8"]
[White "Vu, Thi Thao Nguyen"]
[Black "Nguyen, Thi Tu Uyen"]
[Result "1-0"]
[WhiteElo "1570"]
[BlackElo "1549"]
[PlyCount "67"]
[EventDate "2014.07.13"]
[EventType "swiss"]
[EventRounds "9"]
[EventCountry "VIE"]
[SourceTitle "EXT 2016"]
[Source "ChessBase"]
[SourceDate "2015.10.08"]
[SourceVersion "1"]
[SourceVersionDate "2015.10.08"]
[SourceQuality "1"]

1. e4 d5 2. exd5 Qxd5 3. d4 Qe4+ 4. Be3 f5 5. Nc3 Qe6 6. Be2 Nf6 7. Nf3 Ng4 8. Bf4 Qb6 9. Nb5 e5 10. Nxe5 Nxe5 11. Bxe5 Bd6 12. Bxd6 cxd6 13. b3 Qc6 14. 0-0 b6 15. Re1 0-0 16. d5 Qc5 17. c4 a6 18. Nd4 b5 19. Ne6 Bxe6 20. dxe6 bxc4 21. Bxc4 Nc6 22. e7+ Kh8 23. exf8Q+ Rxf8 24. Bxa6 Nd4 25. Rc1 Qb6 26. Bc4 h6 27. Qd3 Rf6 28. Rcd1 Rg6 29. Qxd4 Qb7 30. g3 Qc7 31. Bd3 Rg5 32. Re8+ Kh7 33. Qd5 g6 34. Qg8# 1-0